| 000 | 00383cam a22001337a 4500 | ||
|---|---|---|---|
| 008 | 180718b2011 xxu||||| |||| 00| 0 eng d | ||
| 082 | _aA45:Z2 C/A | ||
| 100 | _aCentre for consumer studies | ||
| 245 | _aAnnual report 2010-11 | ||
| 260 |
_aNew Delhi _bIndian Institute of Public Administraton _c2011 |
||
| 300 | _a265p. | ||
| 650 | _aConsumer | ||
| 700 | _aCenter for consumer studies | ||
| 999 |
_c503448 _d503448 |
||